Traité de droit constitutionnel / (Record no. 30471)

MARC details
000 -LEADER
campo de control de longitud fija 00605nam a2200193 i 4500
001 - NÚMERO DE CONTROL
campo de control 30471
003 - IDENTIFICADOR DE NÚMERO DE CONTROL
campo de control ES-MaACL
005 - FECHA Y HORA DE LA ÚLTIMA TRANSACCIÓN
campo de control 20250822063115.0
007 - CAMPO FIJO DE DESCRIPCIÓN FÍSICA--INFORMACIÓN GENERAL
campo de control de longitud fija t|
008 - DATOS DE LONGITUD FIJA--INFORMACIÓN GENERAL
campo de control de longitud fija 030124s1933 fr ||||1| fre d
100 1# - ENTRADA PRINCIPAL--NOMBRE DE PERSONA
Nombre de persona Barthélemy, Joseph,
Fechas asociadas al nombre 1874-1945
9 (RLIN) 26120
245 10 - MENCIÓN DEL TÍTULO
Título Traité de droit constitutionnel /
Mención de responsabilidad, etc. par Joseph Barthelemy et Paul Duez.
260 ## - PUBLICACIÓN, DISTRIBUCIÓN, ETC.
Lugar de publicación, distribución, etc. París :
Nombre del editor, distribuidor, etc. [s.n.],
Fecha de publicación, distribución, etc. 1933 (
Lugar de fabricación/manufactura Lille :
Fabricante Etabl. Bogery)
300 ## - DESCRIPCIÓN FÍSICA
Extensión 956 p. ;
Dimensiones 24 cm.
650 #4 - PUNTO DE ACCESO ADICIONAL DE MATERIA--TÉRMINO DE MATERIA
Término de materia o nombre geográfico como elemento de entrada Derecho constitucional-
Subdivisión geográfica Francia.
9 (RLIN) 152211
700 1# - ENTRADA AGREGADA--NOMBRE PERSONAL
Nombre de persona Duez, Paul.
9 (RLIN) 45885
852 ## - LOCALIZACIÓN
Ubicación ES-MaACL
Número de control de estantería A-1336
Holdings
Estatus retirado Estado de pérdida Estado de daño No para préstamo Biblioteca de origen Biblioteca actual Ubicación en estantería Fecha de adquisición Fuente de adquisición Total de préstamos Signatura topográfica completa Código de barras Visto por última vez Precio de reemplazo Tipo de ítem Koha
        Biblioteca del Ateneo de Madrid Biblioteca del Ateneo de Madrid Sala Pecera Planta 1 17/01/2008     A-1336 1031462 23/02/2023 23/02/2023 Libro impreso